Socialistická uvedomelosť nášho literárneho frontu Zo správy prednesenej zaslúžilým umelcom Jánom Solovičom

Bibliographic Details
Main Author: Solovič, Ján, 1934-2022 (Author)
Format: Article
Language:Slovak
Subjects:

MARC

LEADER 00000nab a2200000 a 4500
001 vtls000269899
003 SK-MaSNL
005 20260304205625.0
008 111130c1987 xo 0 slo
015 |a SNBRB19rr/mm-uuuuu 
035 |a CL0280013 
040 |a SNKBUCL  |b slo  |c SNKBUCL  |e AACR2 
041 0 |a slo 
044 |a xo  |c SK 
080 |a 82:301  |2 1981 
080 |a 301  |2 1981 
080 |a 82  |2 1981 
080 |a 061.2  |2 1981 
080 |a 885.4  |2 1981 
100 1 |a Solovič, Ján,  |d 1934-2022  |4 aut  |9 98668 
245 1 0 |a Socialistická uvedomelosť nášho literárneho frontu  |b Zo správy prednesenej zaslúžilým umelcom Jánom Solovičom  |c Ján Solovič 
610 2 7 |a Zväz slovenských spisovateľov  |2 snkbucl  |9 159767 
650 0 7 |a slovenská literatúra  |2 snkbucl  |9 1115 
655 7 |a články z novín a časopisov  |2 snkbucl  |9 267496 
655 7 |a články z odboru literárna veda a krásna literatúra  |2 snkbucl  |9 770045 
773 0 |t Pravda  |g Roč. 68, č. 52 (4. 3. 1987), s. 4 
850 |a Slovenská národná knižnica v Martine  |a MTA001 
852 |a SNK  |b KIS3GCP 
958 |a RK 
958 |a LX 
992 |a RBX 
999 |c 3122021  |d 3123951